| 000 | 00409pab a2200169 454500 | ||
|---|---|---|---|
| 008 | 180718b2006 xxu||||| |||| 00| 0 eng d | ||
| 100 | _aSrinivas, v. | ||
| 245 | _aGlobalization and contemporary social life | ||
| 260 | _c2006 | ||
| 300 | _ap.1-23. | ||
| 362 | _aJan-Dec | ||
| 650 | _aSocial participation | ||
| 650 | _aGlobalization | ||
| 773 | _aAdministrative Change | ||
| 908 | _aN | ||
| 909 | _a75567 | ||
| 999 |
_c75567 _d75567 |
||